000
00250nam a2200109Ia 4500
008
230917s9999||||xx |||||||||||||| ||und||
040
_e
192107
_a
MAIN
041
_a
English
100
_a
Shastry, Ram
245
0
_a
Sanskrit shikshan sarini
942
_c
BK
999
_c
51766
_d
51766